The Behaviour of the horse / (Record no. 16132)
[ view plain ]
| 000 -LEADER | |
|---|---|
| fixed length control field | 00364nam a22001458a 4500 |
| 020 ## - INTERNATIONAL STANDARD BOOK NUMBER | |
| ISBN | 0851987850 (pbk) |
| 040 ## - CATALOGING SOURCE | |
| Transcribing agency | UKM |
| 082 ## - DEWEY DECIMAL CLASSIFICATION NUMBER | |
| Classification number | 636 CAM 1992 A105 Or. |
| 100 1# - MAIN ENTRY--AUTHOR NAME | |
| Personal name | Fraser, Andrew F. |
| 245 14 - TITLE STATEMENT | |
| Title | The Behaviour of the horse / |
| 260 ## - PUBLICATION, DISTRIBUTION, ETC. (IMPRINT) | |
| Place of publication | Oxford : |
| Name of publisher | CAB International, |
| Year of publication | c1992 |
| 300 ## - PHYSICAL DESCRIPTION | |
| Number of Pages | xvi, 288 p. : |
| Other physical details | ill. ; |
| Dimensions | 24 cm |
| 650 #0 - SUBJECT ADDED ENTRY--TOPICAL TERM | |
| Topical Term | Horses |
| 942 ## - ADDED ENTRY ELEMENTS (KOHA) | |
| Koha item type | សៀវភៅភាសាអង់គ្លេស |
| 952 ## - LOCATION AND ITEM INFORMATION (KOHA) | |
| Withdrawn status [LOCAL, KOHA] | 0 |
| Permanent Location | Date acquired | Koha item type | Lost status | Shelving location | Barcode | Current Location | Full call number |
|---|---|---|---|---|---|---|---|
| Library Block A | 2018-01-15 | សៀវភៅភាសាអង់គ្លេស | A105 | A14795 | Library Block A | 636 CAM 1992 A105 Or. |